|
|
|
|
| LEADER |
00765nab a2200217 i 4500 |
| 001 |
acta24007 |
| 005 |
20210601140938.0 |
| 008 |
161017s1977 hu o 0|| rus d |
| 022 |
|
|
|a 0001-6721
|
| 040 |
|
|
|a SZTE Egyetemi Kiadványok Repozitórium
|b hun
|
| 041 |
|
|
|a rus
|
| 100 |
1 |
|
|a Csernai K.
|
| 245 |
1 |
0 |
|a Issledovanie generacii organičeskih krasitelej, potuŝennyh postoronnimi veŝestvami
|h [elektronikus dokumentum] /
|c Csernai K.
|
| 260 |
|
|
|c 1977
|
| 300 |
|
|
|a 175-178
|
| 490 |
0 |
|
|a Acta physica et chemica
|v 23 No. 1
|
| 695 |
|
|
|a Természettudomány, Fizika, Kémia
|
| 700 |
0 |
1 |
|a Rácz Béla
|e aut
|
| 700 |
0 |
1 |
|a Kozma László
|e aut
|
| 700 |
0 |
1 |
|a Bor Zsolt
|e aut
|
| 856 |
4 |
0 |
|u http://acta.bibl.u-szeged.hu/24007/1/phys_chem_023_fasc_001_175-178.pdf
|z Dokumentum-elérés
|